000 004550000a22001690004500
003 MACL
005 20150707135543.0
008 150707b xxu||||| |||| 00| 0 eng d
040 _aMACL
_cMACL
041 _aEnglish
100 _aDube, Saurabh
_91133
245 _aCaste And Sect In Village Life
_bSatnamis Of Chhattisgarh
260 _bIndian Institute Of Advanced Study
_c1993
_aShimla
350 _a45
650 _aSociology
_919
942 _cBK
_k307
_2ddc
999 _c3370
_d3370